000 00534nam a22001697a 4500
005 20251108164019.0
008 250721s1989 xx 000 0 ara d
082 1 4 _a346.04344/محم
100 1 _aمنصور، محمد حسين
245 1 0 _aتزاحم المشترين أو المستأجرين لنفس المكان :
_bبطلان البيع /
264 1 _aالإسكندريه :
_bالفنية للطباعة،
_c1989.
300 _a121ص
650 1 7 _aالإيجار
650 1 7 _aمصر
942 _2ddc
_cBK
999 _c1428
_d1428